书目信息 |
| 题名: |
风姿花传
|
|
| 作者: | 世阿弥, 著 ;王冬兰, 译 | |
| 分册: | ||
| 出版信息: | 长春 吉林出版集团有限责任公司 2019.3 |
|
| 页数: | 182页, [9] 页图版 | |
| 开本: | 21cm | |
| 丛书名: | 草月译谭 | |
| 单 册: | ||
| 中图分类: | J805.313 | |
| 科图分类: | ||
| 主题词: | 能乐--戏剧理论--日本 | |
| 电子资源: | ||
| ISBN: | 978-7-5534-8337-5 | |
| 000 | 01145nam 2200289 45 | |
| 001 | 012001001282 | |
| 005 | 20130911090812.0 | |
| 010 | @a978-7-5534-8337-5@dCNY58.80 | |
| 099 | @aCAL 012016070048 | |
| 100 | @a20160606d2016 em y0chiy0110 ea | |
| 101 | 1 | @achi@ajpn@cjpn |
| 102 | @aCN@b220000 | |
| 105 | @aaf z 000yy | |
| 106 | @ar | |
| 200 | 1 | @a风姿花传@f王冬兰译@g(1951-)王冬兰,译@Afeng zi hua zhuan |
| 210 | @a长春@c吉林出版集团有限责任公司@d2019.3 | |
| 215 | @a182页, [9] 页图版@c图@d21cm | |
| 225 | 2 | @a草月译谭@Acao yue yi tan |
| 314 | @a版权页题: (日本) 世阿弥著 | |
| 330 | @a《风姿花传》是世阿弥所著的能剧理论书, 也是世阿弥留下的21部书中最早的作品。此书以亡父观阿弥的教导为基础, 加上世阿弥自身领会的对技艺的理解著述而成。《风姿花传》的内容包括能剧的修行法、心得、演技论、演出论、历史、能剧的美学等。它既可作为能剧的技艺理论来读, 也是日本美学的古典作品。 | |
| 461 | 0 | @12001 @a草月译谭 |
| 606 | 0 | @a能乐@x戏剧理论@y日本 |
| 690 | @aJ805.313@v5 | |
| 701 | 0 | @a世阿弥,@Ashi a mi@f1363-1443@4著 |
| 702 | 0 | @a王冬兰,@Awang dong lan@f1951-@4译 |
| 801 | @aCN@b江苏凤凰@c20211018 | |
| 905 | @b1342898-901@dJ805.313@e153@f4 | |
| 风姿花传/王冬兰译/(1951-)王冬兰,译.-长春:吉林出版集团有限责任公司,2019.3 |
| 182页, [9] 页图版:图;21cm.-(草月译谭) |
| ISBN 978-7-5534-8337-5:CNY58.80 |
| 《风姿花传》是世阿弥所著的能剧理论书, 也是世阿弥留下的21部书中最早的作品。此书以亡父观阿弥的教导为基础, 加上世阿弥自身领会的对技艺的理解著述而成。《风姿花传》的内容包括能剧的修行法、心得、演技论、演出论、历史、能剧的美学等。它既可作为能剧的技艺理论来读, 也是日本美学的古典作品。 |
| ● |
| 相关链接 |
|
|
|
|
正题名:风姿花传
索取号:J805.313/153
 
预约/预借
| 序号 | 登录号 | 条形码 | 馆藏地/架位号 | 状态 | 备注 |
| 1 | 1342898 | 213428986 | 第一样本阅览室/ [索取号:J805.313/153] | 在馆 | |
| 2 | 1342899 | 213428995 | 第一借阅区/ [索取号:J805.313/153] | 在馆 | |
| 3 | 1342900 | 213429002 | 第一借阅区/ [索取号:J805.313/153] | 在馆 | |
| 4 | 1342901 | 213429011 | 第一借阅区/ [索取号:J805.313/153] | 在馆 |